000 00296 a2200145 4500
001 170094
020 _a
040 _cMagnum
100 _aOlivieri, Antonio Carlos
240 1 0 _aSherlock moreira
_lpor
245 1 0 _aSherlock moreira
362 0 _a1899
697 _aJ/AVENTURA
942 _cBK
999 _c170094
_d170094